000 04037cam a2200433Ia 4500
001 698442581
003 OCoLC
005 20250127112717.0
007 ta
008 090402r20112010nyuabfg b 001 0 eng d
020 _a9780143118695
_q(pbk.)
020 _a0143118692
_q(pbk.)
020 _a9780670021260
020 _a0670021261
040 _aEQO
_beng
_cEQO
_dZQP
_dBTCTA
_dYDXCP
_dIAD
_dCDX
_dDB$
_dBDX
_dOCLCF
_dTLE
_dWVU
_dS3O
_dOCLCQ
_dNZABT
_dUWW
_dVJM
_dOCLCQ
_dDHA
_dOCLCQ
_dMCO
_dOCLCO
_dOCL
_dOCLCQ
_dKSU
_dUtOrBLW
082 0 4 _a270
_bMAC 1
100 1 _aMacCulloch, Diarmaid,
_eauthor.
245 1 0 _aChristianity :
_bthe first three thousand years /
_cDiarmaid MacCulloch
264 1 _aNew York :
_bPenguin,
_c2011
300 _axxiv, 1,184 pages, 32 unnumbered pages of plates :
_billustrations (chiefly color), maps, music ;
_c23 cm
336 _atext
_btxt
_2rdacontent
336 _astill image
_bsti
_2rdacontent
336 _acartographic image
_bcri
_2rdacontent
336 _anotated music
_bntm
_2rdacontent
337 _aunmediated
_bn
_2rdamedia
338 _avolume
_bnc
_2rdacarrier
500 _aOriginally published in the United States of America by Viking Penguin, 2010
500 _aPublished in Great Britain as: A history of Christianity by Allen Lane, an imprint of Penguin Books, Ltd
504 _aIncludes bibliographical references and index
505 0 _aA millennium of beginnings (1000 BCE-100 CE). -- Greece and Rome (c. 1000 BCE-100 CE) -- Israel (c. 1000 BCE-100 CE) -- One Church, one faith, one Lord? (4 BCE-451 CE). -- A crucified messiah (4 BCE-100 CE) -- Boundaries defined (50 CE-300) -- The Prince: ally or enemy? (100-300) -- The Imperial Church (300-451) -- Vanishing futures: East and South (451-1500). -- Defying Chalcedon: Asia and Africa (451-622) -- Islam: the great realignment (622-1500) -- The unpredictable rise of Rome (300-1300). -- The making of Latin Christianity (300-500) -- Latin Christendom: new frontiers (500-1000) -- The West: universal emperor or universal pope? (900-1200) -- A Church for all people? (1100-1300) -- Orthodoxy: the Imperial faith (451-1800). -- Faith in a new Rome (451-900) -- Orthodoxy: more than an empire (900-1700) -- Russia: the third Rome (900-1800) -- Western Christianity dismembered (1300-1800). -- Perspectives on the true Church (1300-1517) -- A house divided (1517-1660) -- Rome's renewal (1500-1700) -- A worldwide faith (1500-1800) -- Protestant awakenings (1600-1800) -- God in the dock (1492-present). -- Enlightenment: ally or enemy? (1492-1815) -- Europe re-enchanted or disenchanted? (1815-1914) -- To make the world Protestant (1700-1914) -- Not peace but a sword (1914-60) -- Culture wars (1960-present)
520 _aOffers a history of Christianity ranging back to the origins of the Hebrew Bible and covering the world, following the three main strands of the Christian faith, to teach modern readers how Jesus' message spread and how the New Testament was formed. MacCulloch follows the Christian story to all corners of the globe, filling in often neglected accounts of conversions and confrontations in Africa and Asia. He explores the roots of the faith that galvanized America, charting the rise of the evangelical movement from its origins in Germany and England. MacCulloch introduces the monks and crusaders, heretics and saints, slave traders and abolitionists, and he discovers Christianity's essential role in driving the Enlightenment and the Age of Exploration, and shaping the course of World Wars I and II. --Adapted from publisher description of 2010 edition
650 0 _aChurch history.
_0http://id.loc.gov/authorities/subjects/sh85025619
650 0 _aChristianity.
_0http://id.loc.gov/authorities/subjects/sh85025219
650 0 _aJudaism
_xHistory.
_0http://id.loc.gov/authorities/subjects/sh85070847
651 0 _aRome
_xReligion
_xHistory
655 7 _aHistory.
_2fast
_0(OCoLC)fst01411628.
_0http://id.worldcat.org/fast/1411628
700 1 _aMacCulloch, Diarmaid.
_tHistory of Christianity
942 _2ddc
_cBK
_n0
999 _c10587
_d10587